Statistics for Bayern 2021-22 Bundesliga Goalscorers

Click here to take the quiz!

General Stats

  • This quiz has been taken 69 times
  • The average score is 71 of 76

Answer Stats

MDFixture (Home/Away)MinuteScorer% Correct
27', 65'Joshua Kimmich
100%
31'Joshua Kimmich
100%
1Mönchengladbach (A)42'Robert Lewandowski
100%
75'Robert Lewandowski
100%
12Augsburg (A)38'Robert Lewandowski
100%
14Dortmund (A)9', 77' (P)Robert Lewandowski
100%
2Köln (H)50'Robert Lewandowski
100%
87'Robert Lewandowski
100%
18Mönchengladbach (H)18'Robert Lewandowski
100%
19Köln (A)9', 63', 74'Robert Lewandowski
100%
30'Robert Lewandowski
100%
44'Robert Lewandowski
100%
22Bochum (A)9', 75'Robert Lewandowski
100%
23Fürth (H)
47', 82'
Robert Lewandowski
100%
26Hoffenheim (A)45+3'Robert Lewandowski
100%
45+1' (P), 47'Robert Lewandowski
100%
29Augsburg (H)82' (P)Robert Lewandowski
100%
34'Robert Lewandowski
100%
32Mainz (A)33'Robert Lewandowski
100%
10Union (A)15' (P), 23'Robert Lewandowski
100%
69', 72'Robert Lewandowski
100%
35', 70', 84'Robert Lewandowski
100%
40'Robert Lewandowski
100%
4Leipzig (A)
12' (P)
Robert Lewandowski
100%
8Leverkusen (A)4', 30'Robert Lewandowski
100%
61'Robert Lewandowski
100%
16Stuttgart (A)
40', 53', 74'
Serge Gnabry
100%
33Stuttgart (H)
35'
Serge Gnabry
100%
59', 71'Serge Gnabry
100%
31Dortmund (H)15'Serge Gnabry
100%
30Arminia Bielefeld (A)
45+7'
Serge Gnabry
100%
73'Serge Gnabry
100%
79'Serge Gnabry
100%
35', 37'Serge Gnabry
100%
32'Serge Gnabry
100%
9Hoffenheim (H)16'Serge Gnabry
100%
75'Leroy Sané
98%
35'Leroy Sané
98%
54'Leroy Sané
98%
59'Leroy Sané
98%
13Arminia Bielefeld (H)71'Leroy Sané
98%
5Bochum (H)17'Leroy Sané
98%
24Eintracht (A)71'Leroy Sané
98%
80'Thomas Müller
98%
21
Leipzig (H)
12'Thomas Müller
98%
45'Thomas Müller
98%
34'Thomas Müller
98%
6Fürth (A)10'Thomas Müller
98%
3Hertha (H)6'Thomas Müller
98%
17Wolfsburg (H)7'Thomas Müller
98%
44'Thomas Müller
98%
61'Kingsley Coman
95%
87'Kingsley Coman
95%
82'Kingsley Coman
95%
27Union (H)6'Kingsley Coman
95%
53'Kingsley Coman
95%
44'Kingsley Coman
95%
28Freiburg (A)
58'
Leon Goretzka
95%
7Eintracht (H)29'Leon Goretzka
95%
11Freiburg (H)30'Leon Goretzka
95%
15Mainz (H)74'Jamal Musiala
87%
49'Jamal Musiala
87%
47'Jamal Musiala
87%
85'Jamal Musiala
87%
83'Jamal Musiala
87%
90+1'Eric Maxim Choupo-Moting
76%
79'Eric Maxim Choupo-Moting
76%
90+2'Eric Maxim Choupo-Moting
76%
82'Eric Maxim Choupo-Moting
76%
25Leverkusen (H)18'Niklas Süle
75%
57'Dayot Upamecano
69%
25'Corentin Tolisso
64%
20Hertha (A)25'Corentin Tolisso
64%
90+6'Marcel Sabitzer
60%
34Wolfsburg (A)
17'
Josip Stanišić
36%
25'Tanguy Nianzou
33%

Score Distribution

Percentile by Number Answered

Percent of People with Each Score

Your Score History

You have not taken this quiz